Statistics for Clifton Webb Filmography

Click here to take the quiz!

General Stats

  • This quiz has been taken 4 times
    (2 since last reset)
  • The average score is 3 of 57

Answer Stats

TypeYearName% Correct
Film1944Laura
100%
Radio Series1949-1951Lux Radio Theatre
50%
Film1951Mr. Belvedere Rings the Bell
50%
Film1948Sitting Pretty
50%
Film1946The Razor's Edge
50%
Theater1936And Stars Remain
0%
Theater1933-1934As Thousands Cheer
0%
Theater1920As You Were
0%
Film1952Belles on Their Toes
0%
Theater1943Blithe Spirit
0%
Film1957Boy on a Dolphin
0%
Theater1940Burlesque
0%
Film1950Cheaper by the Dozen
0%
Theater1914-1915Dancing Around
0%
Film1952Dreamboat
0%
Film1951Elopement
0%
Theater1932-1933Flying Colors
0%
Film1950For Heaven's Sake
0%
Theater1921Fun at the Faire
0%
Film1959Holiday for Lovers
0%
Theater1923Jack and Jill
0%
Film1924Let Not Man Put Asunder
0%
Theater1918-1919Listen Lester
0%
Theater1917Love O' Mike
0%
Theater1923Meet the Wife
0%
Film1949Mr. Belvedere Goes to College
0%
Film1953Mr. Scoutmaster
0%
Film1917National Red Cross Pageant
0%
Theater1915Ned Wayburn's Town Topics
0%
Film1925New Toys
0%
Theater1924-1925Parasites
0%
Theater1922Phi-Phi
0%
Film1920Polly with a Past
0%
Theater1946-1947Present Laughter
0%
Film1962Satan Never Sleeps
0%
Theater1916See America First
0%
Theater1928She's My Baby
0%
Film1952Stars and Stripes Forever
0%
Theater1925Sunny
0%
Radio Series1950The Big Show
0%
Film1946The Dark Corner
0%
TV Show1954The Ed Sullivan Show
0%
Film1925The Heart of a Siren
0%
Theater1939The Importance of Being Earnest
0%
Theater1929-1930The Little Show
0%
Theater1941The Man Who Came to Dinner
0%
Film1956The Man Who Never Was
0%
Theater1902The Master of Carlton Hall
0%
Theater1913The Purple Road
0%
Film1959The Remarkable Mr. Pennypacker
0%
Short Film1930The Still Alarm
0%
Film1954Three Coins in the Fountain
0%
Theater1930Three's a Crowd
0%
Film1953Titanic
0%
Theater1928-1929Treasure Girl
0%
Film1954Woman's World
0%
Theater1938You Never Know
0%

Score Distribution

Percentile by Number Answered

Percent of People with Each Score

Your Score History

You have not taken this quiz since the last reset